| 000 | 00379pab a2200145 454500 | ||
|---|---|---|---|
| 008 | 180718b1983 xxu||||| |||| 00| 0 eng d | ||
| 100 | _aDevasahayam, M.G. | ||
| 245 |
_aSafety on roads _bMiles to go |
||
| 260 | _c1983 | ||
| 300 | _a5-9 | ||
| 362 | _aSept. | ||
| 650 | _aRoads - Safety Devices and Measures - India | ||
| 773 | _aJournal of Transport Management | ||
| 909 | _a17279 | ||
| 999 |
_c17279 _d17279 |
||